[Event "Schweinfurt op 26th"]
[Site "Schweinfurt"]
[Date "2016.05.28"]
[Round "4"]
[White "Gruenewald, Elmar"]
[Black "Ley, Reinhard"]
[Result "0-1"]
[WhiteElo "1626"]
[BlackElo "1759"]
[PlyCount "66"]
[EventDate "2016.05.26"]
[EventType "swiss"]
[EventRounds "7"]
[EventCountry "GER"]
[SourceTitle "CBM 172 Extra"]
[Source "ChessBase"]
[SourceDate "2016.06.21"]
[SourceVersion "1"]
[SourceVersionDate "2016.06.21"]
[SourceQuality "1"]

1. e4 Nf6 2. Nc3 d5 3. exd5 Nxd5 4. Qf3 Nb4 5. Qe4 e6 6. Bb5+ c6 7. Ba4 Nd7 8. a3 Nd5 9. Nxd5 cxd5 10. Bxd7+ Bxd7 11. Qe2 Bc5 12. Nf3 f6 13. d3 0-0 14. 0-0 a5 15. Be3 Bd6 16. Rfe1 e5 17. Rac1 Bg4 18. h3 Bh5 19. g4 Be8 20. Kh1 Bc6 21. d4 e4 22. Nd2 f5 23. gxf5 Qh4 24. Qg4 Qf6 25. Rg1 Rf7 26. Rg2 Qxf5 27. Rcg1 Qxg4 28. Rxg4 Bd7 29. Rg5 Be6 30. c4 dxc4 31. Nxe4 Be7 32. R5g3 Bd5 33. f3 Raf8 0-1

[Event "Schweinfurt op 26th"]
[Site "Schweinfurt"]
[Date "2016.05.28"]
[Round "5"]
[White "Maar, Felicitas"]
[Black "Gruenewald, Elmar"]
[Result "0-1"]
[WhiteElo "1497"]
[BlackElo "1626"]
[PlyCount "98"]
[EventDate "2016.05.26"]
[EventType "swiss"]
[EventRounds "7"]
[EventCountry "GER"]
[SourceTitle "CBM 172 Extra"]
[Source "ChessBase"]
[SourceDate "2016.06.21"]
[SourceVersion "1"]
[SourceVersionDate "2016.06.21"]
[SourceQuality "1"]

1. e4 e5 2. Nf3 Nc6 3. Nc3 Nf6 4. Bb5 d6 5. d3 Bd7 6. 0-0 a6 7. Bc4 Be7 8. h3 0-0 9. Ne2 Na5 10. Bb3 Nxb3 11. axb3 h6 12. Be3 Nh7 13. Ng3 Ng5 14. Nxg5 Bxg5 15. Bxg5 Qxg5 16. Qh5 Qxh5 17. Nxh5 f5 18. Ng3 f4 19. Ne2 f3 20. Ng3 fxg2 21. Kxg2 Rf7 22. Rae1 Raf8 23. Re2 g6 24. f3 h5 25. Ref2 Kg7 26. h4 Rf4 27. Rh1 Kh6 28. c3 Rg8 29. Ne2 Rf7 30. f4 Rgf8 31. Re1 Bg4 32. Kg3 Bxe2 33. Rexe2 Rxf4 34. Rxf4 Rxf4 35. Rf2 Rxf2 36. Kxf2 g5 37. Kg3 g4 38. b4 Kg6 39. c4 Kf6 40. b3 c6 41. c5 Ke6 42. Kf2 d5 43. Kg3 dxe4 44. dxe4 Kd7 45. Kf2 Kc7 46. Kg3 b6 47. Kf2 bxc5 48. bxc5 a5 49. Ke3 Kb7 0-1